Statistics for Every FC Barcelona coach from 2000 to present!

Click here to take the quiz!

General Stats

  • This quiz has been taken 150 times
  • The average score is 12 of 19

Answer Stats

SeasonAnswer% Correct
2008/2009 | 2009/2010 | 2010/2011 | 2011/2012Pep Guardiola
94%
2017/2018Ernesto Valverde
85%
2014/2015 | 2015/2016 | 2016/2017Luis Enrique
82%
2004/2005 | 2005/2006 | 2006/2007 | 2007/2008Frank Rijkaard
63%
2012/2013Tito Vilanova
56%
1999/2000 | 2002/2003Louis Van Gaal
45%
2013/2014Gerardo Martino
37%
2003/2004Radomir Antic
17%
2001/2002Carles Rexach
11%
2000/2001Llorenc Serra Ferrer
8%

Score Distribution

Percentile by Number Answered

Percent of People with Each Score

Your Score History

You have not taken this quiz